Ирисы / (Record no. 183251)
[ view plain ]
| 000 -LEADER | |
|---|---|
| fixed length control field | 00884nam a2200253 u 4500 |
| 001 - CONTROL NUMBER | |
| control field | 000496437 |
| 003 - CONTROL NUMBER IDENTIFIER | |
| control field | AM-YeHGA |
| 005 - DATE AND TIME OF LATEST TRANSACTION | |
| control field | 20250617134514.0 |
| 008 - FIXED-LENGTH DATA ELEMENTS--GENERAL INFORMATION | |
| fixed length control field | 051129s1977 ||| r 000 0 rus d |
| 040 ## - CATALOGING SOURCE | |
| Original cataloging agency | AM-YeHGA |
| 041 0# - LANGUAGE CODE | |
| Language code of text/sound track or separate title | rus |
| 090 ## - LOCALLY ASSIGNED LC-TYPE CALL NUMBER (OCLC); LOCAL CALL NUMBER (RLIN) | |
| -- | 184705 |
| 100 1# - MAIN ENTRY--PERSONAL NAME | |
| Personal name | Шарова, Нина Леонидовна. |
| 245 10 - TITLE STATEMENT | |
| Title | Ирисы / |
| Statement of responsibility, etc. | Н.Л. Шарова, Е.Н. Черней, Л.К. Ширева. |
| 260 ## - PUBLICATION, DISTRIBUTION, ETC. | |
| Place of publication, distribution, etc. | Кишинев : |
| Name of publisher, distributor, etc. | Штиинца, |
| Date of publication, distribution, etc. | 1977. |
| 300 ## - PHYSICAL DESCRIPTION | |
| Extent | 79 с. : |
| Other physical details | ил. |
| 490 1# - SERIES STATEMENT | |
| Series statement | Ботанический сад / АН МССР |
| 504 ## - BIBLIOGRAPHY, ETC. NOTE | |
| Bibliography, etc. note | Библиогр.: с.78-79 |
| 653 0# - INDEX TERM--UNCONTROLLED | |
| Uncontrolled term | Цветочные растения |
| 653 0# - INDEX TERM--UNCONTROLLED | |
| Uncontrolled term | Ирисы |
| 700 1# - ADDED ENTRY--PERSONAL NAME | |
| Personal name | Черней, Евгения Николаевна |
| 700 1# - ADDED ENTRY--PERSONAL NAME | |
| Personal name | Ширева, Леонила Константиновна |
| 830 #0 - SERIES ADDED ENTRY--UNIFORM TITLE | |
| Uniform title | Ботанический сад (АН МССР) |
| Withdrawn status | Lost status | Damaged status | Not for loan | Collection | Home library | Current library | Date acquired | Total checkouts | Full call number | Barcode | Date last seen | Price effective from | Koha item type | Public note |
|---|---|---|---|---|---|---|---|---|---|---|---|---|---|---|
| General | Fundamental Scientific Library | Fundamental Scientific Library | 28/12/2016 | 653.9:582.579.2 | 110041963 | 28/12/2016 | 28/12/2016 | Գրքեր / Books | 30 Days Loan |
ՀՀ Գիտությունների ազգային ակադեմիայի հիմնարար գիտական գրադարան = Fundamental Scientific Library of NAS RA
All site content, except where otherwise noted, is licensed under a